000 02063cam a2200289 4500500
005 20251228045952.0
041 _afre
042 _adc
100 1 0 _aSauvanet, Pierre
_eauthor
245 0 0 _aNietzsche, philosophe-musicien de l'éternel retour ()
260 _c2001.
500 _a49
520 _aMusique et philosophie ne peuvent être séparées chez Nietzsche. C’est du moins l’hypothèse de cet article, qui vise à préciser les liens entre ces deux « actions » sur deux points précis : le rythme musical dans les premières recherches du jeune Nietzsche, et la question même de l’éternel retour. En effet, cette pensée centrale ne saurait être comprise, c’est-à-dire pleinement interprétée, sans lui conférer aussi un sens musical – et même, plus précisément, un sens rythmique. De nombreux textes tendent ainsi à montrer que la philosophie stylistique de Nietzsche est manifestement indissociable de la sensibilité à la musique.
520 _aMusic and Philosophy cannot be dissociated in Nietzsche’s works. This is at least the assumption of the following article, which aims at defining the links between those two « actions » with regard to two aspects : the musical rhythm in the early works of young Nietzsche, and the question of the eternal return. This central issue cannot be understood, or rightly interpreted, without being given any musical meaning – and even more precisely, any rhythmical meaning. A large number of texts tend to show that Nietzsche’s stylistic philosophy is obviously indissociable from sensitivity to music.
690 _aÉternel retour
690 _aMusique
690 _aNietzsche
690 _aRythme
690 _aSensibilité
690 _aEternal return
690 _aMusic
690 _aNietzsche
690 _aRhythm
690 _aSensitivity
786 0 _nArchives de philosophie | 64 | 2 | 2001-06-01 | p. 343-360 | 0003-9632
856 4 1 _uhttps://shs.cairn.info/revue-archives-de-philosophie-2001-2-page-343?lang=fr&redirect-ssocas=7080
999 _c1579468
_d1579468